Norma Chilena NCh 3235-2011: elaboración de alimentos - buenas prácticas de manufactura - requisitos

Uloženo v:
Podrobná bibliografie
Korporativní autor: Instituto Nacional de Normalización (autor)
Médium: Neznámo
Jazyk:angličtina
Vydáno: Santiago, Chile Instituto Nacional de Normalización 2011
Témata:
Tagy: Přidat tag
Žádné tagy, Buďte první, kdo vytvoří štítek k tomuto záznamu!

MARC

LEADER 00000 a2200000 4500
003 CL-VaPUC
005 20240508091202.0
008 200303b ||||| |||| 00| 0 eng d
999 |c 376005  |d 376003 
040 |c Pontificia Universidad Católica de Valparaíso 
082 |a 664 INS 2011 
110 0 |a Instituto Nacional de Normalización   |e autor  |9 719886 
245 1 0 |a Norma Chilena NCh 3235-2011:   |b  elaboración de alimentos - buenas prácticas de manufactura - requisitos 
260 3 |b Instituto Nacional de Normalización  |c 2011  |a Santiago, Chile 
300 |a 19 p 
583 |k Cristina Rojas  |c 20200303 
650 0 0 |a Conservación de los alimentos  |9 259337 
650 0 0 |a ELABORACION DE ALIMENTOS  |9 352336 
650 0 0 |a Control de calidad   |9 259714 
650 0 0 |a TECNOLOGIA DE ALIMENTOS  |9 719889 
942 |2 ddc  |c BK 
952 |0 0  |1 0  |2 ddc  |4 0  |6 664_000000000000000_INS_2011  |7 0  |8 A  |9 496030  |a BIBALI  |b BIBALI  |c REF  |d 2020-01-15  |e 9  |g 36000.00  |i 5572819  |o 664 INS 2011  |p 5572819  |r 2025-01-20  |t 1  |v 36000.00  |w 2020-01-15  |y BK_F  |k ALI